Mikroelektronické senzory /

Salvato in:
Dettagli Bibliografici
Autore principale: Guldan, Arnošt (Autore)
Natura: Libro
Lingua:slovacco
Pubblicazione: Bratislava : Alfa, 1988
Edizione:1.vyd.
Soggetti:
Tags: Aggiungi Tag
Nessun Tag, puoi essere il primo ad aggiungerne!!

MARC

LEADER 00000nam a22000003a 4500
001 stu36634
005 20150617225727.3
008 920616s1988----cs------------------slo-d
040 |a STU  |b slo 
041 0 |a slo 
044 |a cs 
080 |a 681.586(035) 
100 1 |a Guldan, Arnošt  |4 aut 
245 1 |a Mikroelektronické senzory /  |c [aut.]Arnošt Guldan 
250 |a 1.vyd. 
260 |a Bratislava :  |b Alfa,  |c 1988 
300 |a 253 s 
650 7 |a Senzory mikroelektronické  |2 stusub 
650 7 |a príručky  |2 stusub 
996 |b 284M004954  |c M*2895-1  |l MMKN  |s A  |a 24  |w stu36634_0001 
996 |b 284M004953  |c M*2895-2  |l MMKN  |s A  |a 24  |w stu36634_0002